| 000 | 00528nam a22001577a 4500 | ||
|---|---|---|---|
| 005 | 20251108170533.0 | ||
| 008 | 250721s1982 xx 000 0 ara d | ||
| 082 | 1 | 4 | _a956.203/حرب |
| 245 | 1 | 0 |
_aحرب تموز 10/7/81-24/7/1981 : _bرواية العدو الصهيوني / |
| 264 | 1 |
_aبيروت : _bمنشورات فلسطينية المحتلة، _c1982. |
|
| 300 | _a236ص. | ||
| 650 | 1 | 7 | _aتاريخ لبنان |
| 650 | 1 | 7 | _aالحرب الأهلية اللبنانية-1991-1975 |
| 942 |
_2ddc _cBK |
||
| 999 |
_c42957 _d42957 |
||